01370nam a2200325Ia 4500001000900000003000500009005001700014007000300031008004100034010001100075040001800086245016200104260003200266300008700298500002700385502009300412504003200505505021100537650002100748650001100769650001800780650002400798650001800822650001600840650001200856650001500868700004100883700004300924856007700967dia_7333CHAP20240514183754.0ta220117s2018 mx abdofr 001 0 spa d a177619 cCHAPamxchpua10aInterrelación Agricultura - Industria : breporte de fase de campo /ccoordinador José Espino Espinoza ; colaboradores Isabel Buendía Corona...[et al.] aMéxico :bEl autor,c2018 a54 hojas :bilustraciones, mapas, gráficas, diagramas, tablas, fotos +e1 CD-ROM aEl CD contiene reporte aViaje de Estudios b(IAI) -- cUACh. Departamento de Ingeniería Agroindustrial, d2018 aBibliografía: hojas 46-47 aEmpresas visitadas: --t1. Planta Oleopalma -- 2. Fundación Quintana Roo Produce, A. C. -- 3. Industrializadora de cacao de Tabasco (INCATABSA) -- 4. UYITS KAÁN -- 5. Queso poro de Balancán, Tabasco13aAceite de coco 13aMiel 13aOleaginosas 13aSemillas de cacao 13aCocoa beans 13aCoconut oil13aHoney 13aOilseeds 1 aEspino Espinoza, Joséecoordinador1 aBuendía Corona, Isabelecolaboradora41uhttp://10.13.5.2/ve/TC767IAI/TC767IAI2018-REPORTE.pdfyDESCARGAR REPORTE